| 000 | 01365nam a2200229Ia 4500 | ||
|---|---|---|---|
| 003 | Ost | ||
| 005 | 20260507075142.0 | ||
| 008 | 260507s9999||||xx |||||||||||||| ||und|| | ||
| 040 | _cfsecg | ||
| 041 | _aara | ||
| 082 | _a330 | ||
| 100 |
_aمحمد، حاكم محسن _eمؤلف |
||
| 245 | 0 |
_aإدارة المواد و المشتريات : _bمنهج كمي / _c حاكم محسن محمد |
|
| 260 |
_aعمان: _bدار زهران للنشر والتوزيع, _c2010 |
||
| 300 |
_a404 صفحة؛ _bإيضاحات ؛ _c24 سم |
||
| 520 | _aمفاهيم عامة في إدارة المواد والمشتريات- إهتمامات وإرتباطات إدارة المواد والمشتريات- تقدير الطلب- السيطرة على الخزين- مصادر التجهيز- النقل المادي- النقل الداخلي وتصميم المخازن- شراء الموجودات الرأسمالية- الموازنات التقديرية للمواد والمشتريات- الخيارات الإستراتيجية لإدارة المواد والمشتريات- نظام معلومات إدارة المواد والمشتريات | ||
| 653 | _aإدارة الإنتاج | ||
| 653 | _aإدارة المشتريات | ||
| 653 | _aالإدارة الصناعية | ||
| 700 |
_aالفضل، مؤيد _eمؤلف ثانوي |
||
| 942 | _cكتاب | ||
| 999 |
_c43306 _d43306 |
||